[Event "Saint Affrique op 22nd"]
[Site "Saint Affrique"]
[Date "2014.07.26"]
[Round "9.65"]
[White "Salvador, Thomas"]
[Black "Mouton, Aline"]
[Result "1-0"]
[WhiteElo "1110"]
[BlackElo "1010"]
[PlyCount "31"]
[EventDate "2014.07.19"]
[EventType "swiss"]
[EventRounds "9"]
[EventCountry "FRA"]
[SourceTitle "CBM 161 Extra"]
[Source "ChessBase"]
[SourceDate "2014.08.29"]
[SourceVersion "1"]
[SourceVersionDate "2014.08.29"]
[SourceQuality "1"]

1. e4 Nf6 2. Nc3 Nc6 3. Nf3 d6 4. d4 Bg4 5. Be2 e5 6. 0-0 exd4 7. Nxd4 Bh5 8. Bxh5 g6 9. Bg4 h5 10. Bf3 Nb4 11. Re1 d5 12. Ndb5 dxe4 13. Bf4 Rc8 14. Rc1 Qd7 15. Nd4 Nxa2 16. Ra1 1-0

[Event "Saint Affrique op 22nd"]
[Site "Saint Affrique"]
[Date "2014.07.21"]
[Round "4"]
[White "Flear, James C"]
[Black "Salvador, Thomas"]
[Result "0-1"]
[WhiteElo "1227"]
[BlackElo "1110"]
[PlyCount "74"]
[EventDate "2014.07.19"]
[EventType "swiss"]
[EventRounds "9"]
[EventCountry "FRA"]
[SourceTitle "CBM 161 Extra"]
[Source "ChessBase"]
[SourceDate "2014.08.29"]
[SourceVersion "1"]
[SourceVersionDate "2014.08.29"]
[SourceQuality "1"]

1. c4 e5 2. Nc3 Nf6 3. g3 d5 4. d4 e4 5. Bg5 Be6 6. Bg2 c6 7. c5 Be7 8. e3 0-0 9. f3 exf3 10. Nxf3 h6 11. Bf4 b6 12. 0-0 Qd7 13. Ne5 Qc8 14. Nd3 Bh3 15. Nf2 Bxg2 16. Kxg2 bxc5 17. e4 dxe4 18. Nfxe4 Nxe4 19. Nxe4 cxd4 20. Qxd4 Bf6 21. Nxf6+ gxf6 22. Qxf6 Nd7 23. Qxh6 Re8 24. Rfe1 Rb8 25. Bxb8 Qxb8 26. Re3 Qxb2+ 27. Kh3 Rxe3 28. Qxe3 Qxa1 29. Qe8+ Nf8 30. Qxc6 Qxa2 31. Qc8 a5 32. g4 Qb3+ 33. Kh4 a4 34. Qc5 a3 35. Qg5+ Ng6+ 36. Kh5 Qh3+ 37. Qh4 Qxh4# 0-1

[Event "Saint Affrique op 22nd"]
[Site "Saint Affrique"]
[Date "2014.07.21"]
[Round "3"]
[White "Salvador, Thomas"]
[Black "Galy, Christian"]
[Result "0-1"]
[WhiteElo "1110"]
[BlackElo "1314"]
[PlyCount "144"]
[EventDate "2014.07.19"]
[EventType "swiss"]
[EventRounds "9"]
[EventCountry "FRA"]
[SourceTitle "CBM 161 Extra"]
[Source "ChessBase"]
[SourceDate "2014.08.29"]
[SourceVersion "1"]
[SourceVersionDate "2014.08.29"]
[SourceQuality "1"]

1. e4 g6 2. Nc3 Bg7 3. Nf3 d6 4. Bc4 e6 5. d4 a6 6. d5 b5 7. Bb3 b4 8. Na4 Qe7 9. dxe6 Bxe6 10. Bxe6 Qxe6 11. 0-0 Ne7 12. Re1 0-0 13. Bf4 Rd8 14. Qd2 Nbc6 15. Bh6 Ne5 16. Nxe5 Qxe5 17. Bxg7 Qxg7 18. Qxb4 Rab8 19. Qc3 Qxc3 20. bxc3 Rb5 21. Re3 Rdb8 22. g3 Ra5 23. e5 d5 24. c4 Rxa4 25. cxd5 Nxd5 26. Rd3 Rb5 27. Rc1 Rc4 28. Rcd1 c6 29. Rd4 Rxd4 30. Rxd4 Nc3 31. Rc4 Ne2+ 32. Kg2 c5 33. Ra4 a5 34. Re4 Nc3 35. a4 Rb4 36. Re3 Nxa4 37. Ra3 Re4 38. h4 h5 39. f3 Rc4 40. c3 Nxc3 41. Rxa5 Kf8 42. Kh3 Ke7 43. g4 Ne2 44. gxh5 gxh5 45. Ra6 Rf4 46. Rh6 Rxf3+ 47. Kg2 Rf5 48. Kh3 Rxe5 49. Kg2 c4 50. Rc6 c3 51. Kf2 f5 52. Ra6 c2 53. Rc6 c1Q 54. Rxc1 Nxc1 55. Kf3 Re4 56. Kg3 Rg4+ 57. Kf3 Rxh4 58. Kg3 Re4 59. Kg2 Re3 60. Kf2 f4 61. Kg1 Re2 62. Kh1 f3 63. Kg1 Nd3 64. Kf1 Nf4 65. Kg1 Nh3+ 66. Kf1 Rg2 67. Ke1 f2+ 68. Kf1 Rg1+ 69. Ke2 f1Q+ 70. Ke3 Qf2+ 71. Ke4 Rg4+ 72. Ke5 Qc5# 0-1

[Event "Saint Affrique op 22nd"]
[Site "Saint Affrique"]
[Date "2014.07.20"]
[Round "2"]
[White "Caudrelier, Pierre"]
[Black "Salvador, Thomas"]
[Result "1-0"]
[WhiteElo "1510"]
[BlackElo "1110"]
[PlyCount "97"]
[EventDate "2014.07.19"]
[EventType "swiss"]
[EventRounds "9"]
[EventCountry "FRA"]
[SourceTitle "CBM 161 Extra"]
[Source "ChessBase"]
[SourceDate "2014.08.29"]
[SourceVersion "1"]
[SourceVersionDate "2014.08.29"]
[SourceQuality "1"]

1. e4 e5 2. Nf3 Nc6 3. d4 d6 4. dxe5 dxe5 5. Qxd8+ Nxd8 6. Nxe5 Nf6 7. f3 Bc5 8. Nc3 0-0 9. Bg5 Ne6 10. Bxf6 gxf6 11. Ng4 Nd4 12. 0-0-0 b5 13. Nxb5 Nxb5 14. Bxb5 a5 15. Nxf6+ Kh8 16. Rd5 Bb4 17. Bc6 Ra6 18. Nd7 Bxd7 19. Bxd7 Rd8 20. Rhd1 c6 21. Bxc6 Rxd5 22. Bxd5 a4 23. a3 Bd6 24. Bxf7 Bxh2 25. Bc4 Rb6 26. Rd7 Be5 27. c3 Rc6 28. Bb5 Rb6 29. Bxa4 Rg6 30. g4 Rf6 31. Rd3 Ra6 32. Bb5 Ra5 33. c4 Ra7 34. c5 Ra5 35. a4 Kg7 36. c6 Kg6 37. b3 Ra8 38. Kd2 Bf4+ 39. Kc3 h5 40. gxh5+ Kxh5 41. Rd7 Kh4 42. Kd4 Kg3 43. e5 Kxf3 44. c7 Rc8 45. Ba6 Ra8 46. c8Q Rxc8 47. Bxc8 Kg4 48. a5 Kf5 49. Rf7+ 1-0